[Event "Heusenstamm Schloss op"]
[Site "Heusenstamm"]
[Date "2023.11.26"]
[Round "7"]
[White "Sreeramulu, Aarush"]
[Black "Ahrends, Norbert"]
[Result "1/2-1/2"]
[WhiteElo "1716"]
[BlackElo "1924"]
[PlyCount "73"]
[EventDate "2023.11.23"]
[EventType "swiss"]
[EventRounds "7"]
[EventCountry "GER"]
[SourceTitle "CB50_2023"]
[SourceDate "2023.12.13"]
[SourceVersion "1"]
[SourceVersionDate "2023.12.13"]
[SourceQuality "1"]

1. d4 d5 2. c4 c6 3. Nc3 Nf6 4. cxd5 cxd5 5. Bf4 e6 6. e3 a6 7. Bd3 Bd6 8. Bxd6 Qxd6 9. Nf3 Nc6 10. 0-0 0-0 11. a3 e5 12. dxe5 Nxe5 13. Be2 Be6 14. Qd4 Ng6 15. Rfd1 Rad8 16. h3 Rfe8 17. Rac1 Ne7 18. Qd2 Ng6 19. Qd4 Ne7 20. Qd2 Nc6 21. Nd4 Ne5 22. Nf3 Qb8 23. Nxe5 Qxe5 24. Qd4 Qg5 25. Kh2 Rb8 26. Bf3 Red8 27. e4 Nxe4 28. Nxe4 dxe4 29. Qxe4 Re8 30. Qb4 b6 31. Rc6 a5 32. Qd4 b5 33. Rc5 Qe7 34. Qd6 Qh4 35. Qd4 Qe7 36. Qd6 Qh4 37. Qd4 1/2-1/2

[Event "Heusenstamm Schloss op"]
[Site "Heusenstamm"]
[Date "2023.11.24"]
[Round "2"]
[White "Rempe, Jonas"]
[Black "Sreeramulu, Aarush"]
[Result "1-0"]
[WhiteElo "2106"]
[BlackElo "1716"]
[PlyCount "47"]
[EventDate "2023.11.23"]
[EventType "swiss"]
[EventRounds "7"]
[EventCountry "GER"]
[SourceTitle "CB50_2023"]
[SourceDate "2023.12.13"]
[SourceVersion "1"]
[SourceVersionDate "2023.12.13"]
[SourceQuality "1"]

1. e4 c6 2. d4 d5 3. e5 Bf5 4. g4 Be4 5. f3 Bg6 6. e6 Qd6 7. exf7+ Bxf7 8. Nc3 Nd7 9. f4 0-0-0 10. Bd3 g5 11. Nh3 gxf4 12. Bxf4 e5 13. dxe5 Nxe5 14. Bf5+ Be6 15. Qe2 Bg7 16. 0-0-0 Bxf5 17. gxf5 Qf6 18. Qh5 Nc4 19. Rde1 Qd4 20. Qf7 Qb6 21. Qxg7 Qxb2+ 22. Kd1 Qa1+ 23. Ke2 Re8+ 24. Kf2 1-0

[Event "Heusenstamm Schloss op"]
[Site "Heusenstamm"]
[Date "2023.11.23"]
[Round "1"]
[White "Sreeramulu, Aarush"]
[Black "Oezdemir, Ali Oezden"]
[Result "1-0"]
[WhiteElo "1716"]
[BlackElo "2045"]
[PlyCount "90"]
[EventDate "2023.11.23"]
[EventType "swiss"]
[EventRounds "7"]
[EventCountry "GER"]
[SourceTitle "CB48_2023"]
[SourceDate "2023.11.29"]
[SourceVersion "1"]
[SourceVersionDate "2023.11.29"]
[SourceQuality "1"]

1. d4 Nf6 2. c4 g6 3. Nc3 Bg7 4. e4 d6 5. Nf3 0-0 6. Be2 e5 7. dxe5 dxe5 8. Qxd8 Rxd8 9. Bg5 Re8 10. Nd5 Nxd5 11. cxd5 c6 12. Bc4 cxd5 13. Bxd5 Na6 14. 0-0 Nb4 15. Bb3 Be6 16. Bxe6 Rxe6 17. a3 Nc6 18. Rfd1 f5 19. Be3 f4 20. Bd2 Bf6 21. Bc3 g5 22. h3 h5 23. Rd7 b6 24. Rad1 Kh8 25. R1d6 Rae8 26. b4 a6 27. a4 g4 28. hxg4 hxg4 29. b5 axb5 30. axb5 Nb8 31. Rxe6 Rxe6 32. Rb7 gxf3 33. Rxb8+ Kg7 34. gxf3 Kf7 35. Rb7+ Ke8 36. Kf1 Be7 37. Ke2 Bc5 38. Rc7 Kd8 39. Rh7 Bd6 40. Kd3 Re7 41. Rh8+ Kd7 42. Kc4 Bc5 43. Kd5 Bxf2 44. Bxe5 Be3 45. Rb8 Rxe5+ 1-0

[Event "Rhein Main op-B 25th"]
[Site "Bad Homburg"]
[Date "2023.06.10"]
[Round "5"]
[White "Schmid, Herbert"]
[Black "Sreeramulu, Aarush"]
[Result "1-0"]
[WhiteElo "1699"]
[BlackElo "1516"]
[PlyCount "113"]
[EventDate "2023.06.07"]
[EventType "swiss"]
[EventRounds "7"]
[EventCountry "GER"]
[SourceTitle "CBM 215 Extra"]
[Source "ChessBase"]
[SourceDate "2023.09.30"]
[SourceVersion "1"]
[SourceVersionDate "2023.09.30"]
[SourceQuality "1"]

1. e4 c6 2. d4 d5 3. Nc3 dxe4 4. Nxe4 Bf5 5. Ng3 Bg6 6. N1e2 Nf6 7. Nf4 Nd5 8. Nxg6 hxg6 9. c4 Nb6 10. Be3 e6 11. Qb3 Qc7 12. 0-0-0 a5 13. d5 N8d7 14. dxe6 fxe6 15. Qd3 0-0-0 16. Qxg6 Qe5 17. Bd4 Qf4+ 18. Be3 Qe5 19. Qe4 Qxe4 20. Nxe4 Be7 21. Nd6+ Bxd6 22. Rxd6 Rde8 23. b3 Kc7 24. Rd2 Nf6 25. f3 e5 26. h3 e4 27. Bf4+ Kc8 28. Re2 Nh5 29. Bh2 exf3 30. gxf3 g5 31. Rxe8+ Rxe8 32. Bd3 Nf4 33. Bf5+ Kd8 34. Bxf4 gxf4 35. Rd1+ Kc7 36. Bg4 c5 37. h4 Re2 38. Rd2 Rxd2 39. Kxd2 Kd6 40. Kd3 Ke5 41. h5 Kf6 42. Ke4 Kg5 43. Ke5 Na8 44. Kd5 Nc7+ 45. Kxc5 Ne8 46. Kb6 Nf6 47. Bc8 Kxh5 48. Bxb7 Kh4 49. Kxa5 Kg3 50. b4 Nd7 51. c5 Ne5 52. Kb5 Nxf3 53. Bxf3 Kxf3 54. c6 Kg2 55. c7 f3 56. c8Q f2 57. Qc1 1-0

[Event "GER-chT U14"]
[Site "Kelheim"]
[Date "2022.12.28"]
[Round "3"]
[White "Sreeramulu, Aarush"]
[Black "Maltsev, Mark"]
[Result "0-1"]
[WhiteElo "1526"]
[BlackElo "1428"]
[PlyCount "76"]
[EventDate "2022.12.26"]
[EventType "team-swiss"]
[EventRounds "7"]
[EventCountry "GER"]
[SourceTitle "CBM 212 Extra"]
[Source "ChessBase"]
[SourceDate "2023.03.31"]
[SourceVersion "1"]
[SourceVersionDate "2023.03.31"]
[SourceQuality "1"]
[WhiteTeam "Marburg"]
[BlackTeam "Lichtenberg Borussia"]
[WhiteTeamCountry "GER"]
[BlackTeamCountry "GER"]

1. d4 Nf6 2. c4 e6 3. Nc3 Bb4 4. Qc2 b6 5. e3 Bb7 6. Nf3 0-0 7. Be2 Nc6 8. 0-0 Bxc3 9. bxc3 d6 10. Ba3 Ne7 11. Rfd1 Re8 12. Rac1 Qc8 13. h3 Ng6 14. c5 d5 15. c4 h6 16. Qd3 dxc4 17. Qxc4 Bd5 18. Qc2 Be4 19. Qb2 Ne7 20. Nd2 Bh7 21. Bb5 c6 22. cxb6 Qd8 23. Bxe7 Rxe7 24. b7 Rxb7 25. Rxc6 a6 26. a4 axb5 27. axb5 Rab8 28. Rc5 Nd7 29. Rc6 Rxb5 30. Qc3 Bg6 31. Rc1 Nb6 32. Qa3 Nc8 33. Qa6 Ne7 34. Rc7 Rb2 35. Nf3 Rb1 36. Qa7 Nc8 37. Qc5 Rxc1+ 38. Qxc1 Rb1 0-1

[Event "Rhein Main op-B 24th"]
[Site "Bad Homburg"]
[Date "2022.06.19"]
[Round "7"]
[White "Reissfelder, Matthias"]
[Black "Sreeramulu, Aarush"]
[Result "0-1"]
[WhiteElo "1901"]
[BlackElo "1321"]
[PlyCount "84"]
[EventDate "2022.06.15"]
[EventType "swiss"]
[EventRounds "7"]
[EventCountry "GER"]
[SourceTitle "EXT 2023"]
[Source "ChessBase"]
[SourceDate "2022.10.05"]
[SourceVersion "1"]
[SourceVersionDate "2022.10.05"]
[SourceQuality "1"]

1. f4 d5 2. Nf3 c6 3. g3 Bf5 4. Bg2 Nf6 5. 0-0 e6 6. d3 Be7 7. Qe1 Nbd7 8. Nbd2 Bg6 9. e4 dxe4 10. Nxe4 Nxe4 11. dxe4 Nc5 12. f5 exf5 13. exf5 Bxf5 14. Be3 0-0 15. Rd1 Qe8 16. Bd4 Ne6 17. Qc3 Nxd4 18. Nxd4 Bg4 19. Rde1 Qd8 20. Qc4 Bf6 21. Re4 Bh5 22. Nf5 Bg6 23. Qe2 Bxf5 24. Rxf5 Qb6+ 25. Kh1 Qxb2 26. Qg4 Rfe8 27. Rf1 Rxe4 28. Bxe4 Qe5 29. Bd3 Re8 30. Rf5 Qe6 31. Bc4 Qe4+ 32. Qxe4 Rxe4 33. Bd3 Ra4 34. Rf1 Rxa2 35. Kg2 h6 36. Rf2 Kf8 37. Re2 a5 38. Kf3 b5 39. Be4 Ra3+ 40. Kg2 Rc3 41. Bd3 a4 42. Re1 a3 0-1

[Event "Rhein Main op-B 24th"]
[Site "Bad Homburg"]
[Date "2022.06.16"]
[Round "3"]
[White "Kirchner, Stefan1111"]
[Black "Sreeramulu, Aarush"]
[Result "1-0"]
[WhiteElo "1563"]
[BlackElo "1321"]
[PlyCount "47"]
[EventDate "2022.06.15"]
[EventType "swiss"]
[EventRounds "7"]
[EventCountry "GER"]
[SourceTitle "EXT 2023"]
[Source "ChessBase"]
[SourceDate "2022.10.05"]
[SourceVersion "1"]
[SourceVersionDate "2022.10.05"]
[SourceQuality "1"]

1. e4 c6 2. Nc3 d5 3. Nf3 dxe4 4. Nxe4 Bf5 5. Ng3 Bg6 6. Ne5 Nf6 7. d4 e6 8. Bg5 h6 9. Nxg6 fxg6 10. Be3 Nbd7 11. Bd3 Kf7 12. c3 Be7 13. Qc2 g5 14. Bg6+ Kf8 15. 0-0 Bd6 16. Qb3 Nb6 17. Qxe6 Qe7 18. Qxe7+ Bxe7 19. Rfe1 Nbd5 20. Nf5 Rd8 21. c4 Nxe3 22. Rxe3 Bd6 23. Rae1 Bf4 24. Re7 1-0

[Event "Rhein Main op-B 24th"]
[Site "Bad Homburg"]
[Date "2022.06.15"]
[Round "1"]
[White "Kosak, Matjaz"]
[Black "Sreeramulu, Aarush"]
[Result "1-0"]
[WhiteElo "1784"]
[BlackElo "1321"]
[PlyCount "69"]
[EventDate "2022.06.15"]
[EventType "swiss"]
[EventRounds "7"]
[EventCountry "GER"]
[SourceTitle "EXT 2023"]
[Source "ChessBase"]
[SourceDate "2022.10.05"]
[SourceVersion "1"]
[SourceVersionDate "2022.10.05"]
[SourceQuality "1"]

1. e4 c6 2. d4 d5 3. exd5 cxd5 4. Bd3 Nf6 5. c3 Nc6 6. Bf4 Bg4 7. Qb3 Qd7 8. Nd2 e6 9. Ngf3 a6 10. a4 Bxf3 11. Nxf3 Na5 12. Qc2 Rc8 13. 0-0 Bd6 14. Bg3 Bxg3 15. hxg3 h6 16. Ne5 Qd6 17. g4 Nc6 18. Qe2 Nd7 19. f4 Ndxe5 20. fxe5 Qe7 21. Rf4 0-0 22. g3 Qg5 23. Kg2 f6 24. exf6 Rxf6 25. Rxf6 Qxf6 26. Rf1 Qe7 27. Qf3 Rf8 28. Qxf8+ Qxf8 29. Bh7+ Kxh7 30. Rxf8 Kg6 31. b4 e5 32. b5 axb5 33. axb5 exd4 34. bxc6 dxc3 35. c7 1-0

[Event "Heusenstamm Sparkassen op U14 7th"]
[Site "Heusenstamm"]
[Date "2021.11.20"]
[Round "2.11"]
[White "Sreeramulu, Aarush"]
[Black "Sasikumar Anitha, Sarvesh"]
[Result "1-0"]
[WhiteElo "1227"]
[BlackElo "995"]
[PlyCount "53"]
[EventDate "2021.11.19"]
[EventType "swiss"]
[EventRounds "7"]
[EventCountry "GER"]
[SourceTitle "EXT 2023"]
[Source "ChessBase"]
[SourceDate "2022.10.05"]
[SourceVersion "1"]
[SourceVersionDate "2022.10.05"]
[SourceQuality "1"]

1. d4 g6 2. c4 Bg7 3. Nf3 c5 4. Bf4 Qb6 5. Nc3 cxd4 6. Nd5 Qa5+ 7. b4 Qa3 8. Bc1 Qa6 9. Nc7+ Kd8 10. Nxa6 Nxa6 11. Nxd4 Nxb4 12. Ba3 Bxd4 13. Bxb4 Bxa1 14. Qxa1 Nf6 15. e3 d6 16. Bd3 Kd7 17. c5 dxc5 18. Bxc5 b6 19. Bb5+ Kd8 20. Qd4+ Kc7 21. Bxe7 Re8 22. Bxf6 Bb7 23. Bxe8 Rxe8 24. 0-0 Re4 25. Rc1+ Kb8 26. Qd8+ Bc8 27. Qxc8# 1-0

[Event "Heusenstamm Sparkassen op U14 7th"]
[Site "Heusenstamm"]
[Date "2021.11.20"]
[Round "4.4"]
[White "Sreeramulu, Aarush"]
[Black "Snover, Tom"]
[Result "1/2-1/2"]
[WhiteElo "1227"]
[BlackElo "1491"]
[PlyCount "46"]
[EventDate "2021.11.19"]
[EventType "swiss"]
[EventRounds "7"]
[EventCountry "GER"]
[SourceTitle "EXT 2023"]
[Source "ChessBase"]
[SourceDate "2022.10.05"]
[SourceVersion "1"]
[SourceVersionDate "2022.10.05"]
[SourceQuality "1"]

1. d4 d5 2. c4 c6 3. Nc3 Nf6 4. Bf4 e6 5. e3 Nbd7 6. Nf3 Be7 7. Be2 dxc4 8. Bxc4 b5 9. Bb3 Bb7 10. 0-0 a6 11. a3 Nb6 12. Rc1 0-0 13. Ne5 Rc8 14. h3 c5 15. dxc5 Rxc5 16. Ne2 Nfd5 17. Bg3 Rxc1 18. Qxc1 Qc8 19. Nd4 Bf6 20. Nef3 Qxc1 21. Rxc1 Rc8 22. Rxc8+ Bxc8 23. Be5 Bxe5 1/2-1/2